The Penguin dictionary for writers and editors /

Bibliographic Details
Main Author: Bryson, Bill
Format: Book
Language:English
Published: London ; New York : Viking, 1991.
Subjects:

MARC

Tag First Indicator Second Indicator Subfields
LEADER 00000cam a2200000 a 4500
001 in00001042421
005 20150928153215.0
008 911104s1991 enk d 000 0 eng d
020 |a 0670837679 
035 |a (OCoLC)24676753 
035 |9 AFH5165AM 
040 |a GZM  |c GZM  |d TXA  |d UtOrBLW 
049 |a TXAM 
090 |a PE1460  |b .B784 1991 
100 1 |a Bryson, Bill. 
245 1 4 |a The Penguin dictionary for writers and editors /  |c Bill Bryson. 
264 1 |a London ;  |a New York :  |b Viking,  |c 1991. 
300 |a 403 pages ;  |c 19 cm. 
336 |a text  |b txt  |2 rdacontent 
337 |a unmediated  |b n  |2 rdamedia 
338 |a volume  |b nc  |2 rdacarrier 
650 0 |a English language  |x Usage  |v Dictionaries. 
999 |a MARS 
999 f f |s 588a545f-f3a1-39fa-8dd7-2cd046fd5d8e  |i 78be09b0-fe36-3922-9151-79b99c9f283e  |t 0 
952 f f |p ric  |a Texas A&M University  |b Rellis Campus  |c Joint Library Facility  |d Remote Storage  |t 0  |e PE1460 .B784 1991  |h Library of Congress classification  |i unmediated -- volume  |m A14814734943 
998 f f |a PE1460 .B784 1991  |t 0  |l Remote Storage